| 000 | 00899nam a22002177a 4500 | ||
|---|---|---|---|
| 999 |
_c4080 _d4080 |
||
| 003 | AR-CdUCM | ||
| 008 | 190307b ||||| |||| 00| 0 spa d | ||
| 040 |
_aMUNICIPALIDAD PROVINCIAL DEL CUSCO _cBIBLIOTECA MUNICIPAL DEL CUSCO |
||
| 082 |
_a901 / _bR19 |
||
| 100 |
_aRama, Carlos M. _912958 |
||
| 245 | _aLa historia y la novela y otros ensayos historiográficos / | ||
| 260 |
_aBuenos Aires : _bNova, _c1970. |
||
| 300 |
_a169 páginas ; _c20 cm. |
||
| 440 |
_aBiblioteca histórica _912959 |
||
| 505 | _aContenido: La Historia y la novela -- El nacimiento de la Historia -- El pensamiento histórico de Huizinga -- Mathiez, historiador de la Revolución Francesa -- Los congresos mundiales de historiadores ... | ||
| 650 |
_aPensamiento Histórico _912960 |
||
| 650 |
_aHistoriografía _97736 |
||
| 650 |
_aCrítica del Pensamiento Histórico _912961 |
||
| 942 |
_2ddc _cLIBROS |
||
| 945 | _araen | ||